Оловянная принцесса: роман

Podrobná bibliografie
Hlavní autor: Пулман Ф. Филип
Další autoři: Кружков Г. (переводчик)
Shrnutí:«Оловянная принцесса» продолжает серию детективно-приключенческих романов Ф. Пулмана. Независимость крошечного королевства Рацкавия в опасности. Джим Тейлор и Аделаида, известные читателю по книгам «Рубин во мгле», «Тень "Полярной звезды"», «Тигр в колодце», а также их новый друг Бекки попадают в самую гущу исторических событий. От их воли и мужества зависит, сохранится ли королевство на карте Европы.
Jazyk:ruština
Vydáno: Москва, Росмэн, 2005
Témata:
Médium: MixedMaterials Kniha
KOHA link:https://koha.lib.tpu.ru/cgi-bin/koha/opac-detail.pl?biblionumber=104058

MARC

LEADER 00000nam0a2200000 4500
001 104058
005 20240917165907.0
010 |a 5-353-01831-1 
035 |a (RuTPU)RU\TPU\book\112169 
090 |a 104058 
100 |a 20061025d2005 m y0rusy50 ca 
101 1 |a rus  |c eng 
102 |a RU 
105 |a y z 000ay 
181 0 |a i   |b  e  
182 0 |a n 
183 0 |a nc  |2 RDAcarrier 
200 1 |a Оловянная принцесса  |e роман  |f Филип Пулман  |g пер. с англ. Г. Кружкова 
203 |a Текст  |b визуальный  |c непосредственный 
210 |a Москва  |c Росмэн  |d 2005 
215 |a 365 с. 
283 |a volume  |2 RDAcarrier 
330 |a «Оловянная принцесса» продолжает серию детективно-приключенческих романов Ф. Пулмана. Независимость крошечного королевства Рацкавия в опасности. Джим Тейлор и Аделаида, известные читателю по книгам «Рубин во мгле», «Тень "Полярной звезды"», «Тигр в колодце», а также их новый друг Бекки попадают в самую гущу исторических событий. От их воли и мужества зависит, сохранится ли королевство на карте Европы. 
606 1 |a Английская литература  |9 52454 
610 1 |a романы 
610 1 |a приключения 
610 1 |a детективы 
675 |a 82  |v 3 
700 1 |a Пулман  |b Ф.  |g Филип 
702 1 |4 730  |a Кружков  |b Г. 
801 1 |a RU  |b 63413507  |c 20061025  |g PSBO 
801 2 |a RU  |b 63413507  |c 20061101  |g PSBO 
942 |c BK